[Event "Graz Moser Memorial (Women)"]
[Site "Graz"]
[Date "2024.03.02"]
[Round "8"]
[White "Mayrhuber, Nikola"]
[Black "Polterauer, Chiara"]
[Result "1/2-1/2"]
[WhiteElo "1980"]
[BlackElo "2189"]
[PlyCount "34"]
[EventDate "2024.02.25"]
[EventType "tourn"]
[EventRounds "9"]
[EventCountry "AUT"]
[SourceTitle "CB10_2024"]
[SourceDate "2024.03.06"]
[SourceVersion "1"]
[SourceVersionDate "2024.03.06"]
[SourceQuality "1"]

1. d4 f5 2. c4 e6 3. g3 Nf6 4. Bg2 Be7 5. Nf3 0-0 6. 0-0 d6 7. Nc3 Ne4 8. Qc2 Nxc3 9. Qxc3 a5 10. b3 Nd7 11. a3 Bf6 12. Bb2 c5 13. Qc2 Ra6 14. dxc5 dxc5 15. Rad1 Bxb2 16. Qxb2 Qc7 17. e4 fxe4 1/2-1/2

[Event "Graz Moser Memorial (Women)"]
[Site "Graz"]
[Date "2024.02.28"]
[Round "4"]
[White "Mayrhuber, Nikola"]
[Black "Froewis, Annika"]
[Result "0-1"]
[WhiteElo "1980"]
[BlackElo "2133"]
[PlyCount "58"]
[EventDate "2024.02.25"]
[EventType "tourn"]
[EventRounds "9"]
[EventCountry "AUT"]
[SourceTitle "CB10_2024"]
[SourceDate "2024.03.06"]
[SourceVersion "1"]
[SourceVersionDate "2024.03.06"]
[SourceQuality "1"]

1. d4 Nf6 2. c4 e6 3. Nf3 d5 4. g3 dxc4 5. Bg2 Bd7 6. Ne5 Bc6 7. Nxc6 Nxc6 8. 0-0 Qd7 9. Nc3 0-0-0 10. Qa4 Nd5 11. Qxc4 h5 12. e3 g5 13. Ne4 g4 14. Bd2 f5 15. Nc5 Bxc5 16. Qxc5 h4 17. b4 Kb8 18. b5 Nce7 19. a4 hxg3 20. hxg3 Rh5 21. Qc4 Rdh8 22. Rfc1 Nc8 23. Kf1 Rh2 24. Be1 Nd6 25. Qb3 Nf6 26. Rc6 Rxg2 27. Kxg2 Qh7 28. Bc3 Qh3+ 29. Kg1 Qh1# 0-1

[Event "Mitropa Cup (Women)"]
[Site "Apolda"]
[Date "2024.02.20"]
[Round "6.3"]
[White "Terbe, Zsuzsanna"]
[Black "Mayrhuber, Nikola"]
[Result "1-0"]
[WhiteElo "2184"]
[BlackElo "1980"]
[PlyCount "69"]
[EventDate "2024.02.15"]
[EventType "team-tourn"]
[EventRounds "9"]
[EventCountry "GER"]
[SourceTitle "CB09_2024"]
[SourceDate "2024.02.28"]
[SourceVersion "1"]
[SourceVersionDate "2024.02.28"]
[SourceQuality "1"]
[WhiteTeam "Hungary (W)"]
[BlackTeam "Austria (W)"]
[WhiteTeamCountry "HUN"]
[BlackTeamCountry "AUT"]

1. d4 Nf6 2. c4 e6 3. Nc3 Bb4 4. e3 0-0 5. Bd2 d5 6. Nf3 b6 7. cxd5 exd5 8. Rc1 Bb7 9. Bd3 Be7 10. 0-0 c5 11. Be1 Nc6 12. Ne5 Bd6 13. f4 cxd4 14. Nxc6 Bxc6 15. Ne2 Bd7 16. Nxd4 Qe7 17. Qd2 Rfe8 18. Rf3 Bg4 19. Rg3 Bc5 20. Bf2 Bxd4 21. exd4 Qd7 22. Qb4 Rac8 23. Rc3 Rxc3 24. bxc3 Be2 25. Bb1 Bc4 26. h3 Nh5 27. Rg4 Re2 28. a4 Nf6 29. Rg5 Ne8 30. Re5 f6 31. Bf5 Qc6 32. Rxe2 Bxe2 33. Qe7 h5 34. Qxe2 Nd6 35. Qe6+ 1-0

[Event "Mitropa Cup (Women)"]
[Site "Apolda"]
[Date "2024.02.19"]
[Round "5.15"]
[White "Gueci, Tea"]
[Black "Mayrhuber, Nikola"]
[Result "1-0"]
[WhiteElo "2193"]
[BlackElo "1980"]
[PlyCount "69"]
[EventDate "2024.02.15"]
[EventType "team-tourn"]
[EventRounds "9"]
[EventCountry "GER"]
[SourceTitle "CB09_2024"]
[SourceDate "2024.02.28"]
[SourceVersion "1"]
[SourceVersionDate "2024.02.28"]
[SourceQuality "1"]
[WhiteTeam "Italy (W)"]
[BlackTeam "Austria (W)"]
[WhiteTeamCountry "ITA"]
[BlackTeamCountry "AUT"]

1. e4 c5 2. Nf3 d6 3. d4 cxd4 4. Nxd4 Nf6 5. Nc3 a6 6. h3 e5 7. Nb3 Be6 8. f4 b5 9. Qf3 Nbd7 10. g4 exf4 11. Bxf4 Ne5 12. Qg2 Be7 13. 0-0-0 Nfd7 14. Kb1 0-0 15. Nd4 Rc8 16. Nd5 Bxd5 17. exd5 Bg5 18. Bg3 Bf6 19. Nc6 Qc7 20. g5 Bd8 21. Bxe5 Nxe5 22. Nxe5 dxe5 23. Bd3 g6 24. h4 Re8 25. Be4 Be7 26. h5 Bd6 27. Qh3 Re7 28. hxg6 fxg6 29. Bxg6 e4 30. Bxh7+ Rxh7 31. Qe6+ Rf7 32. g6 Be5 33. gxf7+ Kf8 34. c3 b4 35. d6 1-0

[Event "BL 2223 (Women)"]
[Site "Germany"]
[Date "2023.04.29"]
[Round "9.4"]
[White "Mayrhuber, Nikola"]
[Black "Batsiashvili, Nino"]
[Result "0-1"]
[WhiteElo "2117"]
[BlackElo "2462"]
[PlyCount "84"]
[EventDate "2022.10.15"]
[EventType "team-tourn"]
[EventRounds "11"]
[EventCountry "GER"]
[SourceTitle "EXT 2024"]
[Source "ChessBase"]
[SourceDate "2023.10.10"]
[SourceVersion "1"]
[SourceVersionDate "2023.10.10"]
[SourceQuality "1"]
[WhiteTeam "Bayern Muenchen (W)"]
[BlackTeam "Schwaebisch Hall (W)"]
[WhiteTeamCountry "GER"]
[BlackTeamCountry "GER"]

1. d4 Nf6 2. c4 e6 3. Nc3 Bb4 4. e3 0-0 5. Nf3 b6 6. Bd2 Bb7 7. Bd3 d5 8. cxd5 exd5 9. Rc1 Nbd7 10. 0-0 Be7 11. Ne5 Nxe5 12. dxe5 Nd7 13. f4 Nc5 14. Be2 d4 15. Nb5 d3 16. Bf3 Ne4 17. Rxc7 Nxd2 18. Qxd2 Bxf3 19. gxf3 a6 20. Rxe7 axb5 21. Qb4 Rxa2 22. e6 Rxb2 23. Qa3 Ra2 24. exf7+ Kh8 25. Qxa2 Qxe7 26. Kf2 Rxf7 27. Rd1 Qh4+ 28. Kg2 Rd7 29. Qe6 Qd8 30. Ra1 h6 31. Ra8 Qxa8 32. Qxd7 Qa2+ 33. Kg3 Qc4 34. h4 b4 35. h5 b3 36. Qd8+ Kh7 37. Qxb6 d2 38. Qg6+ Kh8 39. Qe8+ Qg8 40. Qd7 b2 41. Qd3 Qb8 42. Qb1 d1Q 0-1

[Event "AUT-chT (Women) 2223"]
[Site "Austria"]
[Date "2023.04.15"]
[Round "9.2"]
[White "Batyte, Daiva"]
[Black "Mayrhuber, Nikola"]
[Result "1-0"]
[WhiteElo "2098"]
[BlackElo "2117"]
[PlyCount "121"]
[EventDate "2022.10.21"]
[EventType "team-tourn"]
[EventRounds "9"]
[EventCountry "AUT"]
[SourceTitle "EXT 2024"]
[Source "ChessBase"]
[SourceDate "2023.10.10"]
[SourceVersion "1"]
[SourceVersionDate "2023.10.10"]
[SourceQuality "1"]
[WhiteTeam "Lienz (W)"]
[BlackTeam "Mayrhofen/Zillertal (W)"]
[WhiteTeamCountry "AUT"]
[BlackTeamCountry "AUT"]

1. d4 Nf6 2. Nf3 e6 3. g3 c5 4. e3 Nc6 5. Bg2 d5 6. 0-0 Bd6 7. c4 0-0 8. cxd5 exd5 9. dxc5 Bxc5 10. Nc3 Bg4 11. h3 Bh5 12. Ne2 Rc8 13. Nf4 Bxf3 14. Bxf3 d4 15. Nd3 Bb6 16. e4 Re8 17. Re1 Nd7 18. Bd2 Nde5 19. Be2 Qd7 20. Kg2 Nxd3 21. Bxd3 Ne5 22. Qe2 Rc5 23. Rac1 Nxd3 24. Qxd3 Rh5 25. g4 Rb5 26. b3 h5 27. a4 Rbe5 28. f3 Qe7 29. b4 a6 30. Rc4 Re6 31. Rec1 Qh4 32. Be1 Qg5 33. Bd2 Qe5 34. Be1 hxg4 35. hxg4 Rh6 36. Bg3 Qe6 37. R4c2 Ba7 38. Rh1 Rxh1 39. Kxh1 Qh6+ 40. Kg2 Qe6 41. b5 axb5 42. axb5 Rc8 43. Bf2 Rxc2 44. Qxc2 Qd7 45. Qd3 Bc5 46. e5 Qd5 47. Bg3 Qa2+ 48. Kh3 Qa3 49. Qf5 Qe3 50. e6 d3 51. Qxf7+ Kh8 52. Qe8+ Kh7 53. Qh5+ Qh6 54. Be1 Qxh5+ 55. gxh5 Kg8 56. Bd2 Kf8 57. f4 Ke7 58. f5 Kf6 59. Kg4 Bd4 60. Bg5+ Ke5 61. e7 1-0

[Event "Pobeskydy IM"]
[Site "Frydek Mistek"]
[Date "2023.04.10"]
[Round "9"]
[White "Babula, Vlastimil1111"]
[Black "Mayrhuber, Nikola"]
[Result "1-0"]
[WhiteElo "2326"]
[BlackElo "2128"]
[PlyCount "61"]
[EventDate "2023.04.06"]
[EventType "tourn"]
[EventRounds "9"]
[EventCountry "CZE"]
[EventCategory "2"]
[SourceTitle "CBM 213 Extra"]
[Source "ChessBase"]
[SourceDate "2023.05.31"]
[SourceVersion "1"]
[SourceVersionDate "2023.05.31"]
[SourceQuality "1"]

1. e4 c5 2. Nf3 d6 3. d4 cxd4 4. Nxd4 Nf6 5. Nc3 a6 6. h3 e5 7. Nde2 h5 8. Bg5 Be7 9. Bxf6 Bxf6 10. Nd5 0-0 11. Nec3 h4 12. Bc4 b5 13. Bb3 Nd7 14. a4 Rb8 15. axb5 axb5 16. Nb4 Qb6 17. Ncd5 Qc5 18. c3 Bd8 19. 0-0 Nb6 20. Nxb6 Bxb6 21. Qh5 Bd8 22. Rae1 Rb7 23. Bd5 Rb6 24. Kh1 Be6 25. f4 Bf6 26. f5 Bd7 27. g4 hxg3 28. Rf3 Bc8 29. Rg1 Bb7 30. Rfxg3 Qf2 31. Qh6 1-0

[Event "Pobeskydy IM"]
[Site "Frydek Mistek"]
[Date "2023.04.08"]
[Round "5"]
[White "Mayrhuber, Nikola"]
[Black "Rakhmangulova, Anastasiya"]
[Result "0-1"]
[WhiteElo "2128"]
[BlackElo "2266"]
[PlyCount "114"]
[EventDate "2023.04.06"]
[EventType "tourn"]
[EventRounds "9"]
[EventCountry "CZE"]
[EventCategory "2"]
[SourceTitle "CBM 213 Extra"]
[Source "ChessBase"]
[SourceDate "2023.05.31"]
[SourceVersion "1"]
[SourceVersionDate "2023.05.31"]
[SourceQuality "1"]

1. d4 Nf6 2. c4 g6 3. Nc3 Bg7 4. e4 d6 5. f4 0-0 6. Nf3 Na6 7. Bd3 e5 8. fxe5 dxe5 9. d5 c6 10. 0-0 Qd6 11. Kh1 cxd5 12. cxd5 Bd7 13. Be3 Rfc8 14. Qd2 Nc5 15. Bc2 a5 16. Rae1 b5 17. Bh6 b4 18. Nd1 Bb5 19. Rg1 Bh8 20. Nf2 a4 21. Bg5 b3 22. axb3 axb3 23. Bb1 Nfd7 24. Ng4 Ra4 25. Bh4 f6 26. Nh6+ Kf8 27. Bf2 Bg7 28. g4 Nb6 29. g5 Bxh6 30. gxh6 Bc4 31. Bxc5 Qxc5 32. Rc1 Rd8 33. Rgf1 Kg8 34. Bd3 Qb4 35. Bxc4 Nxc4 36. Qxb4 Rxb4 37. Rf2 Nd6 38. Nd2 f5 39. exf5 e4 40. Rf4 gxf5 41. Nf3 Nf7 42. Rg1+ Kf8 43. Ng5 Rxd5 44. Nxh7+ Ke7 45. Rg7 Ke6 46. Ng5+ Nxg5 47. Rxg5 Rb7 48. Rf2 e3 49. Re2 f4 50. Rg6+ Kf5 51. Rg8 Ke4 52. Re1 Rh7 53. Rb8 Rxh6 54. Rxb3 Rd2 55. Rb4+ Kf3 56. Kg1 Rg2+ 57. Kf1 Rgxh2 0-1

[Event "Pobeskydy IM"]
[Site "Frydek Mistek"]
[Date "2023.04.06"]
[Round "1"]
[White "Mayrhuber, Nikola"]
[Black "Stevik, Patrik1111"]
[Result "1/2-1/2"]
[WhiteElo "2128"]
[BlackElo "2346"]
[PlyCount "148"]
[EventDate "2023.04.06"]
[EventType "tourn"]
[EventRounds "9"]
[EventCountry "CZE"]
[EventCategory "2"]
[SourceTitle "CBM 213 Extra"]
[Source "ChessBase"]
[SourceDate "2023.05.31"]
[SourceVersion "1"]
[SourceVersionDate "2023.05.31"]
[SourceQuality "1"]

1. d4 d6 2. c4 e5 3. Nc3 exd4 4. Qxd4 Nc6 5. Qd2 g6 6. b3 Bg7 7. Bb2 Nf6 8. e4 0-0 9. Bd3 Re8 10. Nge2 a5 11. Rd1 a4 12. 0-0 axb3 13. axb3 Bg4 14. Bb1 Na5 15. f3 Bd7 16. Nd4 Nh5 17. Qc2 Qh4 18. Nd5 Rac8 19. g3 Qd8 20. f4 Bh3 21. Rf2 c6 22. Ne3 Qb6 23. f5 Nf6 24. fxg6 hxg6 25. Rf4 g5 26. Rxf6 Bxf6 27. e5 Rxe5 28. Qh7+ Kf8 29. Qxh3 Rce8 30. Qh6+ Bg7 31. Qxd6+ Kg8 32. c5 Rxc5 33. Ba3 Rd5 34. Nxd5 Bxd4+ 35. Kg2 cxd5 36. Qxb6 Bxb6 37. Rxd5 Bd8 38. b4 Nc4 39. Bc1 Nb6 40. Rc5 g4 41. Bd3 Bf6 42. Bg5 Bd4 43. Rc7 Re1 44. Bf1 Rb1 45. Rxb7 Rxb4 46. Rb8+ Kg7 47. Re8 Nd5 48. Bd2 Bc3 49. Bxc3+ Nxc3 50. Be2 Rb2 51. Kf1 Rb4 52. Re3 Nd5 53. Re5 Rd4 54. Kf2 Kf6 55. Rh5 Rd2 56. Ke1 Rd4 57. Rh4 Kg5 58. h3 f5 59. hxg4 fxg4 60. Rh8 Nf6 61. Ra8 Rd5 62. Ra4 Re5 63. Rf4 Re3 64. Kf2 Re5 65. Ke1 Re8 66. Kf1 Re7 67. Ke1 Re5 68. Kf1 Ra5 69. Kf2 Ra3 70. Rb4 Rc3 71. Rb5+ Kh6 72. Rb6 Kg5 73. Rb5+ Kg6 74. Rb6 Ra3 1/2-1/2

[Event "EU-ch (Women) 23rd"]
[Site "Petrovac"]
[Date "2023.03.28"]
[Round "10"]
[White "Klek, Hanna Marie"]
[Black "Mayrhuber, Nikola"]
[Result "1-0"]
[WhiteElo "2314"]
[BlackElo "2162"]
[PlyCount "59"]
[EventDate "2023.03.18"]
[EventType "swiss"]
[EventRounds "11"]
[EventCountry "MNE"]
[SourceTitle "CBM 213 Extra"]
[Source "ChessBase"]
[SourceDate "2023.05.31"]
[SourceVersion "1"]
[SourceVersionDate "2023.05.31"]
[SourceQuality "1"]

1. e4 c5 2. Nf3 d6 3. d4 cxd4 4. Nxd4 Nf6 5. Nc3 a6 6. Be2 e5 7. Nb3 Be7 8. 0-0 0-0 9. Qd3 Be6 10. Bd2 b5 11. Nd5 Nbd7 12. Ba5 Qe8 13. Nc7 Qc8 14. Nxa8 Qxa8 15. f3 d5 16. exd5 Nxd5 17. Rfe1 Nf4 18. Qd2 Bg5 19. Qd1 Qa7+ 20. Kh1 Qf2 21. Bf1 Nh5 22. Re2 Qh4 23. Be1 Qc4 24. Bf2 Qc7 25. a4 b4 26. a5 Rc8 27. Be3 Nf4 28. Rd2 Be7 29. Bxa6 Ra8 30. Bf1 1-0

[Event "EU-ch (Women) 23rd"]
[Site "Petrovac"]
[Date "2023.03.23"]
[Round "6"]
[White "Popovic, Mateja"]
[Black "Mayrhuber, Nikola"]
[Result "0-1"]
[WhiteElo "1832"]
[BlackElo "2162"]
[PlyCount "74"]
[EventDate "2023.03.18"]
[EventType "swiss"]
[EventRounds "11"]
[EventCountry "MNE"]
[SourceTitle "CBM 213 Extra"]
[Source "ChessBase"]
[SourceDate "2023.05.31"]
[SourceVersion "1"]
[SourceVersionDate "2023.05.31"]
[SourceQuality "1"]

1. d4 Nf6 2. c4 e6 3. Nf3 Bb4+ 4. Nbd2 b6 5. a3 Bxd2+ 6. Bxd2 Bb7 7. Bg5 d6 8. e3 Nbd7 9. Be2 h6 10. Bh4 Qe7 11. b4 g5 12. Bg3 Ne4 13. 0-0 h5 14. h4 Nc3 15. Qd3 Nxe2+ 16. Qxe2 g4 17. Nd2 Nf8 18. e4 Ng6 19. f3 Nxh4 20. fxg4 hxg4 21. Qxg4 0-0-0 22. Bxh4 Rxh4 23. Qg7 Rf8 24. Rae1 Rh5 25. Re2 Bc6 26. d5 Bd7 27. Ref2 Rg5 28. Qf6 Qxf6 29. Rxf6 exd5 30. exd5 Rfg8 31. R1f2 Bh3 32. Rxf7 Rxg2+ 33. Kh1 Kb7 34. Ne4 R2g6 35. Kh2 Bf5 36. Ng3 Rh8+ 37. Kg2 Be4+ 0-1

[Event "EU-ch (Women) 23rd"]
[Site "Petrovac"]
[Date "2023.03.21"]
[Round "4"]
[White "Donghvani, Nia"]
[Black "Mayrhuber, Nikola"]
[Result "1-0"]
[WhiteElo "2025"]
[BlackElo "2162"]
[PlyCount "83"]
[EventDate "2023.03.18"]
[EventType "swiss"]
[EventRounds "11"]
[EventCountry "MNE"]
[SourceTitle "CBM 213 Extra"]
[Source "ChessBase"]
[SourceDate "2023.05.31"]
[SourceVersion "1"]
[SourceVersionDate "2023.05.31"]
[SourceQuality "1"]

1. d4 Nf6 2. c4 e6 3. Nf3 b6 4. g3 Bb7 5. Bg2 Be7 6. Nc3 Ne4 7. Bd2 Nxd2 8. Qxd2 d5 9. Ne5 0-0 10. 0-0 c6 11. b3 Nd7 12. Nd3 Nf6 13. Ne5 Rc8 14. Rfd1 Qc7 15. e4 c5 16. Nb5 Qb8 17. exd5 exd5 18. Re1 Rfe8 19. cxd5 Nxd5 20. dxc5 Nf6 21. c6 Ba6 22. c7 Rxc7 23. Nxc7 Qxc7 24. Rac1 Bc5 25. b4 Rxe5 26. bxc5 Rxc5 27. Rxc5 bxc5 28. Qe3 g6 29. Qe7 Qb6 30. Rd1 Kg7 31. h3 Bc4 32. Rd8 Qb1+ 33. Kh2 g5 34. Qxc5 Bxa2 35. Qxg5+ Qg6 36. Qc5 Ne4 37. Qf8+ Kf6 38. Qh8+ Kf5 39. Bxe4+ Kxe4 40. Qd4+ Kf5 41. Qf4+ Ke6 42. Rd6+ 1-0

[Event "EU-ch (Women) 23rd"]
[Site "Petrovac"]
[Date "2023.03.20"]
[Round "3"]
[White "Mayrhuber, Nikola"]
[Black "Silva, Mariana Sofia Teixe"]
[Result "1-0"]
[WhiteElo "2162"]
[BlackElo "1920"]
[PlyCount "61"]
[EventDate "2023.03.18"]
[EventType "swiss"]
[EventRounds "11"]
[EventCountry "MNE"]
[SourceTitle "CBM 213 Extra"]
[Source "ChessBase"]
[SourceDate "2023.05.31"]
[SourceVersion "1"]
[SourceVersionDate "2023.05.31"]
[SourceQuality "1"]

1. d4 d5 2. c4 e6 3. Nc3 Nf6 4. cxd5 exd5 5. Bg5 c6 6. e3 h6 7. Bh4 Be7 8. Bd3 0-0 9. Nge2 Re8 10. 0-0 a5 11. f3 b5 12. Rc1 Nbd7 13. Qd2 Ba6 14. Bf2 Bf8 15. Kh1 Nb6 16. b3 Qd7 17. Ng3 g6 18. e4 b4 19. Nce2 Bxd3 20. Qxd3 dxe4 21. fxe4 Ng4 22. Bg1 c5 23. Nf4 cxd4 24. Bxd4 Ne5 25. Qe3 Nc8 26. Nd5 Ng4 27. Qf3 f5 28. Qxg4 fxg4 29. Nf6+ Kf7 30. Nxd7+ Ke6 31. Nxf8+ 1-0

[Event "Vienna (Women)"]
[Site "Vienna"]
[Date "2023.02.12"]
[Round "8"]
[White "Mayrhuber, Nikola"]
[Black "Ivekovic, Tihana"]
[Result "1/2-1/2"]
[WhiteElo "2120"]
[BlackElo "2145"]
[PlyCount "48"]
[EventDate "2023.02.07"]
[EventType "tourn"]
[EventRounds "9"]
[EventCountry "AUT"]
[SourceTitle "CBM 212 Extra"]
[Source "ChessBase"]
[SourceDate "2023.03.31"]
[SourceVersion "1"]
[SourceVersionDate "2023.03.31"]
[SourceQuality "1"]

1. d4 Nf6 2. c4 e6 3. Nc3 Bb4 4. e3 0-0 5. Nf3 Bxc3+ 6. bxc3 d6 7. Bd3 e5 8. Nd2 Re8 9. 0-0 e4 10. Bc2 Bg4 11. Qe1 Nbd7 12. Kh1 Bh5 13. f3 Bg6 14. f4 Bf5 15. h3 h5 16. Qh4 Nf8 17. Bd1 g6 18. Rb1 b6 19. Ba4 Bd7 20. Bc2 Bf5 21. Rg1 Kg7 22. g4 hxg4 23. hxg4 N8d7 24. Kg2 Nxg4 1/2-1/2

[Event "Vienna (Women)"]
[Site "Vienna"]
[Date "2023.02.10"]
[Round "6"]
[White "Mayrhuber, Nikola"]
[Black "Hapala, Elisabeth"]
[Result "1/2-1/2"]
[WhiteElo "2120"]
[BlackElo "2086"]
[PlyCount "47"]
[EventDate "2023.02.07"]
[EventType "tourn"]
[EventRounds "9"]
[EventCountry "AUT"]
[SourceTitle "CBM 212 Extra"]
[Source "ChessBase"]
[SourceDate "2023.03.31"]
[SourceVersion "1"]
[SourceVersionDate "2023.03.31"]
[SourceQuality "1"]

1. d4 Nf6 2. c4 e6 3. Nc3 Bb4 4. e3 0-0 5. Nf3 d5 6. Bd2 Re8 7. Bd3 c5 8. a3 Bxc3 9. Bxc3 cxd4 10. Bxd4 Nc6 11. cxd5 Nxd4 12. Nxd4 Qxd5 13. 0-0 b6 14. Be2 Bb7 15. Bf3 Qd7 16. Rc1 Rac8 17. Nc6 Bxc6 18. Bxc6 Qxd1 19. Rfxd1 Red8 20. Rxd8+ Rxd8 21. Bf3 Kf8 22. g3 Ke7 23. Rc7+ Rd7 24. Rxd7+ 1/2-1/2

[Event "AUT-chT (Women) 2223"]
[Site "Austria"]
[Date "2022.10.23"]
[Round "4.2"]
[White "Mayrhuber, Nikola"]
[Black "Exler, Veronika"]
[Result "1-0"]
[WhiteElo "2117"]
[BlackElo "2137"]
[PlyCount "71"]
[EventDate "2022.10.21"]
[EventType "team-tourn"]
[EventRounds "9"]
[EventCountry "AUT"]
[SourceTitle "EXT 2024"]
[Source "ChessBase"]
[SourceDate "2023.10.10"]
[SourceVersion "1"]
[SourceVersionDate "2023.10.10"]
[SourceQuality "1"]
[WhiteTeam "Mayrhofen/Zillertal (W)"]
[BlackTeam "Wulkaprodersdorf (W)"]
[WhiteTeamCountry "AUT"]
[BlackTeamCountry "AUT"]

1. d4 d5 2. c4 e6 3. Nc3 Bb4 4. Nf3 Nf6 5. e3 0-0 6. Bd3 c5 7. 0-0 cxd4 8. exd4 dxc4 9. Bxc4 Qc7 10. Qd3 Bxc3 11. bxc3 Nbd7 12. Re1 b6 13. Bb3 Bb7 14. Ne5 Nd5 15. c4 Ne7 16. Bf4 Nxe5 17. Bxe5 Qc6 18. Qh3 Ng6 19. d5 exd5 20. cxd5 Qc8 21. Qxc8 Raxc8 22. Bg3 Rfe8 23. d6 Rxe1+ 24. Rxe1 Bc6 25. h4 a5 26. h5 a4 27. Bd5 Nf8 28. Bxc6 Rxc6 29. d7 Nxd7 30. Re8+ Nf8 31. Rd8 g6 32. Bd6 Rxd6 33. Rxd6 gxh5 34. Rxb6 Ne6 35. Ra6 Nc5 36. Ra5 1-0

[Event "AUT-chT (Women) 2223"]
[Site "Austria"]
[Date "2022.10.22"]
[Round "2.2"]
[White "Mayrhuber, Nikola"]
[Black "Motycakova, Monika"]
[Result "1-0"]
[WhiteElo "2117"]
[BlackElo "2091"]
[PlyCount "117"]
[EventDate "2022.10.21"]
[EventType "team-tourn"]
[EventRounds "9"]
[EventCountry "AUT"]
[SourceTitle "EXT 2024"]
[Source "ChessBase"]
[SourceDate "2023.10.10"]
[SourceVersion "1"]
[SourceVersionDate "2023.10.10"]
[SourceQuality "1"]
[WhiteTeam "Mayrhofen/Zillertal (W)"]
[BlackTeam "Dornbirn (W)"]
[WhiteTeamCountry "AUT"]
[BlackTeamCountry "AUT"]

1. d4 d5 2. c4 c6 3. Nf3 Nf6 4. Nc3 e6 5. g3 dxc4 6. Bg2 b5 7. 0-0 Nbd7 8. e4 Bb7 9. e5 Nd5 10. Ng5 h6 11. Nxe6 fxe6 12. Qh5+ Ke7 13. Ne4 Qe8 14. Bg5+ hxg5 15. Qxh8 Kd8 16. Nxg5 Kc7 17. Qh3 Qg6 18. Nxe6+ Kb6 19. a4 a6 20. Bxd5 cxd5 21. axb5 a5 22. Nf4 Qe8 23. Qg4 Ra7 24. h4 Kxb5 25. Qd1 Nb6 26. b3 Bb4 27. Qc2 Qe7 28. Rfb1 Ra8 29. Ne2 Bc6 30. f4 Rf8 31. Nc3+ Ka6 32. Na2 Kb7 33. Nxb4 axb4 34. Ra5 Ra8 35. Rxa8 Kxa8 36. Ra1+ Kb8 37. Ra5 Qb7 38. Qa2 c3 39. Qc2 Qe7 40. Rc5 Qb7 41. Qg6 Nc4 42. bxc4 b3 43. Rxc6 c2 44. Qd6+ Ka7 45. Qa3+ Kb8 46. Qb2 c1Q+ 47. Qxc1 Qxc6 48. c5 Qg6 49. Qe1 Kc8 50. e6 b2 51. e7 b1Q 52. e8Q+ Qxe8 53. Qxb1 Qe3+ 54. Kg2 Qxd4 55. c6 Qd2+ 56. Kh3 Kc7 57. Qb7+ Kd6 58. Qd7+ Kc5 59. c7 1-0

[Event "EU-Cup (Women) 26th"]
[Site "Mayrhofen"]
[Date "2022.10.08"]
[Round "6.1"]
[White "Mayrhuber, Nikola"]
[Black "Katkov, Michelle"]
[Result "0-1"]
[WhiteElo "2117"]
[BlackElo "2219"]
[PlyCount "110"]
[EventDate "2022.10.03"]
[EventType "team-swiss"]
[EventRounds "7"]
[EventCountry "AUT"]
[SourceTitle "CBM 210 Extra"]
[Source "ChessBase"]
[SourceDate "2022.11.30"]
[SourceVersion "1"]
[SourceVersionDate "2022.11.30"]
[SourceQuality "1"]
[WhiteTeam "Zell/Zillertal (W)"]
[BlackTeam "Rishon Le Zion (W)"]
[WhiteTeamCountry "AUT"]
[BlackTeamCountry "ISR"]

1. d4 Nf6 2. c4 e6 3. Nc3 Bb4 4. e3 0-0 5. Bd2 d5 6. Nf3 b6 7. cxd5 exd5 8. Rc1 Bb7 9. Bd3 Re8 10. Ne5 Bf8 11. 0-0 c5 12. f4 Nc6 13. Qf3 cxd4 14. Nxc6 Bxc6 15. exd4 Rc8 16. f5 Ne4 17. Bf4 Qf6 18. Be5 Rxe5 19. dxe5 Qxe5 20. Bxe4 dxe4 21. Qf4 Bc5+ 22. Kh1 Qxf4 23. Rxf4 Be3 24. Rff1 Bxc1 25. Rxc1 Bd7 26. g4 g6 27. fxg6 hxg6 28. g5 Rc5 29. h4 Kf8 30. Kg2 Bc6 31. Re1 Rf5 32. Re3 Ke7 33. Kg3 Rf3+ 34. Rxf3 exf3 35. Nb1 Bd5 36. Nc3 Bc6 37. Nb1 Kd6 38. Nd2 Bd5 39. a3 Kc5 40. Nxf3 Kc4 41. Ne5+ Kb3 42. Nd3 Bc4 43. Ne5 b5 44. h5 gxh5 45. Kh4 Kxb2 46. a4 a6 47. axb5 axb5 48. Kxh5 Kc3 49. Nd7 Bd3 50. Kh6 b4 51. Nc5 b3 52. Nxb3 Kxb3 53. Kg7 Bg6 54. Kf6 Kc4 55. Ke5 Kc5 0-1

[Event "AUT-ch"]
[Site "Vienna"]
[Date "2022.08.17"]
[Round "7"]
[White "Mayrhuber, Nikola"]
[Black "Pilshofer, Paul"]
[Result "0-1"]
[WhiteElo "2101"]
[BlackElo "2173"]
[PlyCount "110"]
[EventDate "2022.08.12"]
[EventType "swiss"]
[EventRounds "9"]
[EventCountry "AUT"]
[SourceTitle "CBM 209 Extra"]
[Source "ChessBase"]
[SourceDate "2022.09.30"]
[SourceVersion "1"]
[SourceVersionDate "2022.09.30"]
[SourceQuality "1"]

1. d4 Nf6 2. c4 g6 3. Nc3 d5 4. cxd5 Nxd5 5. e4 Nxc3 6. bxc3 Bg7 7. Bc4 0-0 8. Ne2 Nc6 9. Be3 b6 10. h4 e5 11. Bd5 Bb7 12. h5 Na5 13. Bxb7 Nxb7 14. f3 exd4 15. cxd4 c5 16. hxg6 hxg6 17. Qd2 cxd4 18. Bh6 Qf6 19. Bg5 Qe5 20. Rc1 Nc5 21. Bf4 Qe7 22. Bh6 Qf6 23. Bxg7 Qxg7 24. Rc4 d3 25. Nf4 Rac8 26. Nd5 Rfe8 27. Qg5 Re6 28. Kf2 Qb2+ 29. Kg3 Qe5+ 30. Qxe5 Rxe5 31. Rd4 Kg7 32. Kf4 Ree8 33. Ke3 Rcd8 34. g4 f5 35. gxf5 gxf5 36. Rh4 fxe4 37. fxe4 Re5 38. Rg4+ Kf7 39. Rf4+ Kg7 40. Rg4+ Kh6 41. Nf6 Rf8 42. Rd6 Re6 43. Rxe6 Nxe6 44. e5 Nc5 45. Ng8+ Kh5 46. Rg7 Rf5 47. Rh7+ Kg5 48. Rg7+ Kh4 49. Rh7+ Kg3 50. Rg7+ Kh2 51. Re7 Kg2 52. e6 Rf3+ 53. Kd2 Ne4+ 54. Kc1 d2+ 55. Kc2 Rc3+ 0-1

[Event "Olympiad Women-44"]
[Site "Chennai"]
[Date "2022.08.06"]
[Round "8.3"]
[White "Forgas Moreno, Yaniela"]
[Black "Mayrhuber, Nikola"]
[Result "1-0"]
[WhiteElo "2343"]
[BlackElo "2141"]
[PlyCount "65"]
[EventDate "2022.07.29"]
[EventType "team-swiss"]
[EventRounds "11"]
[EventCountry "IND"]
[SourceTitle "CBM 210"]
[Source "ChessBase"]
[SourceDate "2022.10.31"]
[SourceVersion "1"]
[SourceVersionDate "2022.10.31"]
[SourceQuality "1"]
[WhiteTeam "Cuba (W)"]
[BlackTeam "Austria (W)"]
[WhiteTeamCountry "CUB"]
[BlackTeamCountry "AUT"]

1. e4 c5 2. Nc3 d6 3. d4 cxd4 4. Qxd4 Nc6 5. Qd2 g6 6. b3 Bh6 7. f4 Nf6 8. Bb2 0-0 9. 0-0-0 a6 10. Kb1 b5 11. Bd3 e5 12. Nge2 Bb7 13. h4 Nh5 14. g4 Nxf4 15. g5 Nxe2 16. Bxe2 Bg7 17. h5 Nd4 18. Bd3 Nf3 19. Qg2 Nxg5 20. Rdg1 Ne6 21. hxg6 hxg6 22. Qh2 Re8 23. Rf1 Nf8 24. Bc1 f6 25. Qh4 Ne6 26. Nd5 Kf7 27. Nxf6 Bxf6 28. Qh7+ Ng7 29. Rhg1 Ke6 30. Rxg6 Rf8 31. Qxg7 Rf7 32. Rfxf6+ Rxf6 33. Bg5 1-0